Państwa, które dzielą wyspy - Statystyki

Ogólne statystyki
  • Ten quiz został rozwiązany 3 156 razy
  • Średni wynik to 18 z 25
Statystyki odpowiedzi
Wyspy Państwo % Poprawnych
Nowa Gwinea, Borneo, Timor, Sebatik Indonezja
96%
Nowa Gwinea Papua-Nowa Gwinea
94%
Borneo, Sebatik Malezja
92%
Timor Timor Wschodni
90%
Irlandia, Cypr Wielka Brytania
85%
Cypr Cypr
84%
Uznam Niemcy
84%
Kataja, Vanhasaari, Jähi, bezimienna wyspa na południowy wschód od Peräluot, Märket Rosja
84%
Uznam Polska
83%
Saint Martin Francja
82%
Hans Dania
81%
Borneo Brunei
79%
Kataja, Märket Szwecja
79%
Kataja, Vanhasaari, Jähi, bezimienna wyspa na południowy wschód od Peräluot, Märket Finlandia
78%
Ziemia Ognista Argentyna
77%
Hispaniola Dominikana
76%
Hispaniola Haiti
76%
Hans Kanada
76%
Ziemia Ognista Chile
75%
Irlandia Irlandia
72%
Saint Martin Holandia
69%
Wyspa Paszportowa Arabia Saudyjska
23%
Wyspa Paszportowa Bahrajn
21%
Wyspa K Ukraina
16%
Wyspa K Rumunia
14%
Nie znaleziono quizów pasujących do podanych kryteriów
Rozkład punktacji
Procent ludzi z każdym wynikiem
Percentyl według liczby udzielonych odpowiedzi
Twoja historia wyników
Nie rozwiązałeś tego quizu